Carlo Bo : il tempo dell'ermetismo /

Bibliographic Details
Other Authors: Tabanelli, Giorgio, 1955-
Format: Book
Language:Italian
Published: Venezia : Marsilio, [2011]
Edition:1. ed.
Series:Saggi.
Subjects:

MARC

Tag First Indicator Second Indicator Subfields
LEADER 00000cam a2200000 i 4500
001 in00002658366
005 20151202120422.0
008 110131s2011 it a 001 0 ita d
020 |a 9788831708050 
020 |a 8831708058 
035 |a (OCoLC)ocn699720672 
040 |a C3L  |c C3L  |d COO  |d TXA  |d UtOrBLW 
043 |a e-it--- 
049 |a TXAM 
082 0 |a 850  |2 21 
090 |a PC1064.B58  |b T33 2010 
245 0 0 |a Carlo Bo :  |b il tempo dell'ermetismo /  |c [a cura di] Giorgio Tabanelli ; testimonianze di C. Bo [and others]. 
250 |a 1. ed. 
264 1 |a Venezia :  |b Marsilio,  |c [2011] 
264 4 |c ©2011 
300 |a 286 pages :  |b illustrations ;  |c 22 cm. 
336 |a text  |b txt  |2 rdacontent 
337 |a unmediated  |b n  |2 rdamedia 
338 |a volume  |b nc  |2 rdacarrier 
490 1 |a Saggi 
504 |a Includes bibliographical references and index. 
600 1 0 |a Bo, Carlo,  |d 1911-2001. 
650 0 |a Ermetismo (Italian literature) 
700 1 |a Tabanelli, Giorgio,  |d 1955- 
830 0 |a Saggi. 
948 |a cataloged  |b h  |c 2011/4/1  |d c  |e dmitchel  |f 3:00:00 pm 
994 |a C0  |b TXA 
999 |a MARS 
999 f f |s 06ca8acf-f45e-3803-aa24-a39ee2ca727f  |i a79e3811-9f40-36c7-9a72-97444d4049ba  |t 0 
952 f f |p ric  |a Texas A&M University  |b Rellis Campus  |c Joint Library Facility  |s JLF  |d Remote Storage  |t 0  |e PC1064.B58 T33 2010  |h Library of Congress classification  |i unmediated -- volume  |m A14839517390 
998 f f |a PC1064.B58 T33 2010  |t 0  |l Remote Storage